01056nam0a22002411 4500001001500000005001700015035002600032100004100058101001300099102000700112105001800119200029300137210008600430215001500516510002200531700007100553702004000624801002800664801003200692801003700724801003100761852002200792v19\rc\174985020260405132624.0 a(NLR Aleph) 005248732 a20061204d1902 |||y0rusy50 ca1 aruscfre aRU ay z |||a|1 aСмерть и жизнь. "Мученица"d(La martyre)eДрама в 5 д., в стихахeИз времен первых гонений на христиан в РимеfСоч. Ж. Ришпена (Jean Richepin)gПер. с фр. в стихах Н.Н. Тамаринаzfre aСанкт-Петербургcжурн. "Театр и искусство"d1902 a46 с.d230 a(La martyre)zfre 18rus7caaРишпенbЖ.f1849-1926gЖан3RU\NLR\AUTH\7753429 1aТамаринbН. Н.f1866-4730 0aRUbNLRc20061204gpsbo 0aRUbRuMoRGBc200612042psbo 1aRUbProSoft-Mc200612042rusmarc 2aRUbNLRc200707102rusmarc aNLRj18.334.2.468